| 000 | 01292nam a22002177a 4500 | ||
|---|---|---|---|
| 003 | NALT | ||
| 005 | 20230718164207.0 | ||
| 008 | 230509b th ||||| |||| 00| 0 tha d | ||
| 040 | _aNALT | ||
| 100 | 0 |
_917740 _aภาคภูมิ ทิพคุณ |
|
| 245 | 1 | 0 |
_aหนังสือมนุษย์ เล่มที่ 14 กิจกรรม นับหนึ่งกับวิจัย มือใหม่เริ่มอย่างไรดี ครั้งที่ 2 การบรรยายออนไลน์ หัวข้อ "งานวิจัยกับการใช้ประโยชน์ในวงงานรัฐสภา" / _cภาคภูมิ ทิพคุณ. |
| 260 |
_aกรุงเทพฯ : _bสำนักงานเลขาธิการสภาผู้แทนราษฎร, _c2566. |
||
| 306 | _a013940 | ||
| 650 | 4 |
_aการเขียนทางวิชาการ _922043 |
|
| 650 | 4 |
_922877 _aการเขียนรายงานการวิจัย |
|
| 850 | _aNALT | ||
| 856 | 4 | 0 |
_uhttps://library.parliament.go.th/th/taxonomy/term/443 _yVideo Clip |
| 856 | 4 | 0 |
_uhttps://youtu.be/rak83m5UelI _yView on YouTube |
| 942 |
_2local _cHMB |
||
| 996 |
_ajamriang.p _bCATSTF _c2023-05-09 |
||
| 999 |
_c102063 _d102063 |
||
| 998 |
_j1020 _k นางจำเรียง ระวังสำโรง |
||